000
00307nam a22001457a 4500
003
SGT
082
_a
618.92, M15C
100
_a
CLOHERTY, JOHN, P
245
_a
MANUAL OF NEONATAL CARE
250
_a
7TH
260
_a
INDIA
_b
WOLTES KLUWER
_c
2015
300
_a
1007
650
_a
MEDICINE
942
_2
ddc
_c
BK
999
_c
8397
_d
8397